000
00274nam a22001097a 4500
999
_c
64905
_d
64902
082
_a
297.28 م ن ظ
100
_a
مولانا منظور نعمانی
245
_a
معارف الحدیث جلد ششم
260
_a
کراچی
_c
۱۹۹۳
300
_a
۳۳۲
942
_c
BK